| 000 | 00423nam a2200145Ia 4500 | ||
|---|---|---|---|
| 008 | 230917s9999||||xx |||||||||||||| ||und|| | ||
| 040 |
_e190089 _aMAIN |
||
| 041 | _aEnglish | ||
| 082 | _a020.285 B431B | ||
| 100 | _aRana, M S, ed. | ||
| 245 | 0 | _aBenchmarks in ICT applications in LIC practices: Essays in honour of Dr. P K Gupta | |
| 260 |
_aJodhpur _bScientific Publishers _c2011 |
||
| 300 | _avii, 407 p. | ||
| 942 | _cBK | ||
| 999 |
_c162815 _d162815 |
||